<?xml version="1.0" encoding="UTF-8"?>
<record
    xmlns:xsi="http://www.w3.org/2001/XMLSchema-instance"
    xsi:schemaLocation="http://www.loc.gov/MARC21/slim http://www.loc.gov/standards/marcxml/schema/MARC21slim.xsd"
    xmlns="http://www.loc.gov/MARC21/slim">

  <leader>01168nab a2200241 a 4500</leader>
  <controlfield tag="005">20250130150222.0</controlfield>
  <controlfield tag="007">ta</controlfield>
  <controlfield tag="008">250130e2014    dr f||p|r||||||0| 0 spa d</controlfield>
  <datafield tag="040" ind1=" " ind2=" ">
    <subfield code="a">DO-SdBNP</subfield>
    <subfield code="c">DO-SdBNP</subfield>
    <subfield code="e">rda</subfield>
  </datafield>
  <datafield tag="041" ind1=" " ind2=" ">
    <subfield code="h">spa</subfield>
  </datafield>
  <datafield tag="245" ind1=" " ind2=" ">
    <subfield code="a">Soluci&#xF3;n a la situaci&#xF3;n el&#xE9;ctrica / </subfield>
    <subfield code="c">Multimedios Ritmo Econ&#xF3;mico.</subfield>
  </datafield>
  <datafield tag="264" ind1=" " ind2=" ">
    <subfield code="a">Santo Domingo, Rep&#xFA;blica Dominicano : </subfield>
    <subfield code="b">Multimedios Ritmo Econ&#xF3;mico, </subfield>
    <subfield code="c">2014.</subfield>
  </datafield>
  <datafield tag="300" ind1=" " ind2=" ">
    <subfield code="a">p&#xE1;gina 1 ; </subfield>
    <subfield code="c">35 cm.</subfield>
  </datafield>
  <datafield tag="310" ind1=" " ind2=" ">
    <subfield code="a">Semestral.</subfield>
  </datafield>
  <datafield tag="336" ind1=" " ind2=" ">
    <subfield code="a">texto</subfield>
    <subfield code="b">txt</subfield>
    <subfield code="2">rdacontent</subfield>
  </datafield>
  <datafield tag="337" ind1=" " ind2=" ">
    <subfield code="a">sin mediaci&#xF3;n </subfield>
    <subfield code="b">n</subfield>
    <subfield code="2">rdamedia</subfield>
  </datafield>
  <datafield tag="338" ind1=" " ind2=" ">
    <subfield code="a">volumen</subfield>
    <subfield code="b">nc</subfield>
    <subfield code="2">rdacarrier</subfield>
  </datafield>
  <datafield tag="362" ind1=" " ind2=" ">
    <subfield code="a">A&#xF1;o 1, N&#xFA;mero 4, Mayo-Junio 2014.</subfield>
  </datafield>
  <datafield tag="521" ind1=" " ind2=" ">
    <subfield code="a">Energ&#xED;a el&#xE9;ctrica y producci&#xF3;n, son dos ejes vitales del desarrollo de un pa&#xED;s, sin embargo en Rep&#xFA;blica Dominicana tenemos 120 a&#xF1;os sufriendo el d&#xE9;ficit energ&#xE9;tico que impide un buen desarrollo econ&#xF3;mico para el pa&#xED;s y una tranquila a los ciudadanos.</subfield>
  </datafield>
  <datafield tag="650" ind1=" " ind2="0">
    <subfield code="a">Energ&#xED;a el&#xE9;ctrica</subfield>
    <subfield code="9">45629</subfield>
    <subfield code="v">Publicaciones peri&#xF3;dicas </subfield>
    <subfield code="z">Rep&#xFA;blica Dominicana</subfield>
  </datafield>
  <datafield tag="773" ind1="0" ind2=" ">
    <subfield code="0">58074</subfield>
    <subfield code="9">320248</subfield>
    <subfield code="d">Santo Domingo, Rep&#xFA;blica Domingo : Multimedios Ritmo Econ&#xF3;mico,  2024.</subfield>
    <subfield code="o">2025-0586</subfield>
    <subfield code="t">Ritmo econ&#xF3;mico /</subfield>
  </datafield>
  <datafield tag="942" ind1=" " ind2=" ">
    <subfield code="2">ddc</subfield>
    <subfield code="c">ISSUE</subfield>
  </datafield>
  <datafield tag="999" ind1=" " ind2=" ">
    <subfield code="c">58097</subfield>
    <subfield code="d">58097</subfield>
  </datafield>
</record>
